Statistics for Native Peoples to Countries

Click here to take the quiz!

General Stats

  • This quiz has been taken 126 times
  • The average score is 25 of 38

Answer Stats

HintAnswer% Correct
SamiRussia
90%
Yup'ikRussia
90%
AinuRussia
90%
SamiFinland
88%
BasquesSpain
88%
SamiSweden
86%
BasquesFrance
85%
SamiNorway
85%
Yup'ikUnited States
83%
TaínoUnited States
83%
AkhaChina
82%
AinuJapan
82%
MaasaiKenya
78%
Yup'ikCanada
76%
MaasaiTanzania
75%
MazahuaMexico
69%
Pygmy (Twa)DRC
67%
AymaraPeru
66%
AymaraChile
63%
AymaraBolivia
60%
TaínoDominican Republic
60%
Pygmy (Twa)Uganda
60%
AymaraArgentina
59%
TaínoCuba
59%
AkhaLaos
59%
Pygmy (Twa)Rwanda
59%
MurrawarriAustralia
58%
AkhaThailand
58%
TaínoHaiti
57%
AkhaBurma
53%
Pygmy (Twa)Burundi
52%
Pygmy (Twa)Zambia
52%
TaínoJamaica
51%
MursiEthiopia
39%
MiskitoHonduras
35%
MiskitoNicaragua
34%
NasoPanama
30%
NasoCosta Rica
28%

Score Distribution

Percentile by Number Answered

Percent of People with Each Score

Your Score History

You have not taken this quiz